| 000 | 00456nam a2200205Ia 4500 | ||
|---|---|---|---|
| 003 | 0100 | ||
| 008 | 130303s9999 xx 000 0 und d | ||
| 020 | _a310441811 | ||
| 040 | _cARRUPELIB | ||
| 050 | _aBS2505.S71983 | ||
| 100 | _aJames Stalker | ||
| 245 | 4 | _aThe life of St. Paul | |
| 260 | _aMichigan | ||
| 260 | _bThe Zondervan Corp. | ||
| 260 | _C1983 | ||
| 300 | _a158p.20cm | ||
| 650 | _bReligions | ||
| 700 | _aJames Stalker | ||
| 942 | 0 | 0 | _01 |
| 999 |
_c14664 _d14664 |
||